LEADER 00689nam a2200181 i 4500 001 000000244615 003 CaOOAMICUS 005 20150812000000.0 008 150812s1856 xx u000 u lat u 013 $a223520 040 $aSeMil$bita 245 12$aA dominica 5. post epiphaniam usque ad dominicam 1. quadrag. 300 $a389 p. 773 0 $aBoppert, Konrad $tScutum fidei.$dNeapoli : Apud Josephum Dura, 1856.$g3$w()31960 850 $aSeMil 852 $aSeMil$W1$xVenegono$y1$m3E I 154 FA$j194961$B194961$CSeMilBibl$Z2$F205617 $8I 961 $aOmaggio: Donazione 996 $6245$aA dominica 5. post epiphaniam usque ad dominicam 1. quadrag$9(OLS)http://semarc/title/346502 LEADER 00852nam a2200229 i 4500 001 000000233118 003 CaOOAMICUS 005 20140916000000.0 008 140916s1979 it u000 u ita u 013 $a212021 040 $aSeMil$bita 100 1 $aGrazzini, Giovanni <1925->.$0(OLS)http://semarc/name/7384 245 10$aCinema '78 /$cGiovanni Grazzini. 260 $aRoma :$bLaterza,$cstampa 1979. 300 $a227 p. ;$c18 cm. 490 0 $aUniversale Laterza ;$v500 650 4$aCinema - 1970-1980.$0(OLS)http://semarc/subject/41574 830 0$aUniversale Laterza ;$v500.$0(OLS)http://semarc/title/6923 850 $aSeMil 852 $aSeMil$W1$xVenegono$y1$m3M I 144$j183464$B183464$CSeMilBibl$Z2$F194267 $81 996 $6245$aCinema '78$9(OLS)http://semarc/title/332691 996 $6260$aRoma :$bLaterza$9(OLS)http://semarc/publisher/31353